[Event "Oviedo op 8th"]
[Site "Oviedo"]
[Date "2022.07.20"]
[Round "6"]
[White "Alvarez Alvarez, Francisco"]
[Black "Florit Florit, Fernando"]
[Result "1-0"]
[WhiteElo "1397"]
[BlackElo "1134"]
[PlyCount "75"]
[EventDate "2022.07.17"]
[EventType "swiss"]
[EventRounds "9"]
[EventCountry "ESP"]
[SourceTitle "CBM 209 Extra"]
[Source "ChessBase"]
[SourceDate "2022.09.30"]
[SourceVersion "1"]
[SourceVersionDate "2022.09.30"]
[SourceQuality "1"]

1. d4 c6 2. Bf4 Qb6 3. b3 d6 4. Nf3 g6 5. e3 Bf5 6. Be2 Bg7 7. c3 Nf6 8. h3 0-0 9. 0-0 Nbd7 10. Nbd2 d5 11. Nh4 Be6 12. Bh2 g5 13. Nhf3 h6 14. Ne5 a5 15. f4 Nxe5 16. fxe5 Nd7 17. Kh1 c5 18. Rb1 Qc7 19. Bd3 c4 20. Bc2 cxb3 21. Rxb3 a4 22. Ra3 b5 23. Qe2 b4 24. Qd3 f5 25. exf6 Rxf6 26. Bxc7 bxa3 27. Qh7+ Kf7 28. Rxf6+ Nxf6 29. Qg6+ Kg8 30. Be5 Rc8 31. Bxf6 exf6 32. Qd3 Rb8 33. Bxa4 Rb2 34. Bb3 Bf8 35. e4 dxe4 36. Bxe6+ Kg7 37. Nxe4 Rxa2 38. Bxa2 1-0